| 000 | 00692nam a2200193Ia 4500 | ||
|---|---|---|---|
| 001 | 5890 | ||
| 003 | GE_BSU | ||
| 008 | 181216s||||||||xx |||||||||||||| ||und|| | ||
| 040 | _cGE_BSU | ||
| 245 | _aСборник типовых инструкции по охране труда. | ||
| 245 | _cСост.: В.Л.Михаилова, З.П.жданова, И.П.Пуляев. Ред. Г.Ф.Зантова. | ||
| 250 | _aИзд. вторе, перераб. | ||
| 260 | _aМ. | ||
| 260 | _bМашиностроение. | ||
| 260 | _c1978. | ||
| 300 | _a576 стр. 22 см. силл. | ||
| 653 | _aСборник типовых инструкции по охране труда. | ||
| 942 | _cBK | ||
| 999 |
_c39304 _d39304 |
||